000 00331nam a22001337a 4500
008 170606b xxu||||| |||| 00| 0 eng d
020 _a9780714655963
041 _aeng
080 _a94
100 _a18
101 _aSHH
245 _aTHE POLITICS OF PEACEKEEPING IN THE POST COLD WAR ERA
_cSORENSON.D.S
942 _2udc
_cBK
999 _c16081
_d16081